header

Toxicogenomics and proteomics (Record no. 208713)

MARC details
000 -LEADER
fixed length control field 01854nam a22003974a 4500
082 04 - DEWEY DECIMAL CLASSIFICATION NUMBER
Classification number 615.9
245 00 - TITLE STATEMENT
Title Toxicogenomics and proteomics
260 ## - PUBLICATION, DISTRIBUTION, ETC. (IMPRINT)
Place of publication Amsterdam ;
-- Washington, DC :
Name of publisher IOS Press,
Year of publication c2004.
300 ## - PHYSICAL DESCRIPTION
Number of Pages viii, 207 p. :
Other physical details ill.
490 1# - SERIES STATEMENT
Series statement NATO science series. Series I, Life and behavioural sciences,
500 ## - GENERAL NOTE
General note "Published in cooperation with NATO Scientific Affairs Division."
General note "Proceedings of the NATO Advanced Research Workshop on Toxicogenomics and Proteomics, 16-20 October 2002, Prague, Czech Republic"--T.p. verso.
650 #0 - SUBJECT ADDED ENTRY--TOPICAL TERM
Topical Term Molecular toxicology
Topical Term Genomics
Topical Term Proteomics
Topical Term Genetic toxicology
700 1# - ADDED ENTRY--PERSONAL NAME
Personal name Valdes, James J.
Personal name Sekowski, Jennifer W.
856 40 - ELECTRONIC LOCATION AND ACCESS
Uniform Resource Identifier http://site.ebrary.com/lib/rucke/Doc?id=10116444

No items available.

© 2026 Rongo University
Contact us: librarian | system librarian | Rongo university